[Event "TCh-POL Ekstraliga 2018"]
[Site "Poland POL"]
[Date "2018.10.26"]
[Round "7.5"]
[Board "4"]
[White "Tazbir, Marcin"]
[Black "Michalik, Peter"]
[Result "1/2-1/2"]
[WhiteTitle "GM"]
[BlackTitle "GM"]
[WhiteElo "2525"]
[BlackElo "2552"]
[WhiteTeam "KSz Polonia Wroclaw"]
[BlackTeam "WIEZA PEGOW"]
[WhiteFideId "1122452"]
[BlackFideId "14907526"]
[EventDate "2018.06.08"]

1. e4 c6 2. d4 d5 3. exd5 cxd5 4. Bd3 Nc6 5. c3 Qc7 6. Ne2 Bg4 7. O-O e6 8. Qe1
Bxe2 9. Qxe2 Bd6 10. Qg4 g6 11. Qh4 h5 12. Bg5 Be7 13. Nd2 Bxg5 14. Qxg5 Qe7 15.
Qf4 Qf6 16. Qc7 Qe7 17. Qf4 Qf6 18. Qe3 Kf8 19. a4 Kg7 20. f4 Nh6 21. Nf3 Qd8
22. Ne5 Ne7 23. a5 Nef5 24. Qe2 Qc7 25. a6 b6 26. Rae1 f6 27. Nf3 Rae8 28. g3
Nf7 29. Rf2 N5d6 30. Rg2 f5 31. Ne5 Ne4 32. c4 Rc8 33. Nf3 Qe7 34. Rc1 Qb4 35.
Qe1 Qb3 36. Qf1 h4 37. gxh4 dxc4 38. Bxe4 Qe3+ 39. Kh1 fxe4 40. Ne5 Nxe5 41.
fxe5 Qf3 42. Qxf3 exf3 43. Rg4 Rh5 44. Kg1 b5 45. Kf2 Rch8 46. b3 Rf5 47. bxc4
bxc4 48. Rcg1 Rh6 49. Rb1 Rh8 50. Rb7+ Rf7 51. Rxf7+ Kxf7 52. Kxf3 c3 53. Ke2
Rc8 54. Kd1 Rc6 55. Kc2 Rxa6 56. Rf4+ Ke7 57. Kxc3 Ra3+ 58. Kc4 Rh3 59. Rg4 Kf7
60. Rf4+ Ke7 61. Rg4 Kf7 62. Kc5 Rb3 63. Rg3 Rb7 64. Rf3+ Ke7 65. Rf6 Rc7+ 66.
Kb5 Rc2 67. Rxg6 Rb2+ 68. Ka6 Rxh2 69. Rg7+ Kf8 70. Rh7 Kg8 71. Rd7 Kf8 72. Kb5
Rxh4 73. Kc5 a5 74. Ra7 Rh1 75. d5 exd5 76. Kd6 Re1 77. e6 d4 78. Rxa5 d3 79.
Rd5 Ra1 80. Rxd3 Ke8 81. Rd2 Ra6+ 82. Ke5 Ra1 1/2-1/2

[Event "TCh-POL Ekstraliga 2018"]
[Site "Poland POL"]
[Date "2018.10.26"]
[Round "7.5"]
[Board "5"]
[White "Hnydiuk, Aleksander"]
[Black "Wieczorek, Oskar"]
[Result "1-0"]
[WhiteTitle "IM"]
[BlackTitle "IM"]
[WhiteElo "2417"]
[BlackElo "2469"]
[WhiteTeam "WIEZA PEGOW"]
[BlackTeam "KSz Polonia Wroclaw"]
[WhiteFideId "1109057"]
[BlackFideId "1133950"]
[EventDate "2018.06.08"]

1. Nf3 Nf6 2. c4 g6 3. g3 Bg7 4. Bg2 O-O 5. d4 c6 6. Nc3 d5 7. Qb3 a5 8. cxd5
Nxd5 9. O-O Nb6 10. Rd1 a4 11. Qc2 Na6 12. Bf4 Nb4 13. Qc1 N4d5 14. Nxd5 Nxd5
15. Bh6 Bg4 16. Bxg7 Kxg7 17. Rd2 Bxf3 18. Bxf3 Qb6 19. a3 Rfd8 20. e3 Ra5 21.
Rc2 Nf6 22. Rc4 h5 23. h4 Rda8 24. Qc2 Rb5 25. Rb1 Ne8 26. Rxa4 Rxa4 27. Qxa4
Rxb2 28. Rxb2 Qxb2 29. d5 Nd6 30. dxc6 bxc6 31. Bxc6 Qc1+ 32. Kg2 Nc4 33. Be4
Nxa3 34. Qd4+ Kh7 35. Qa7 Qc4 36. Qxe7 Nb5 37. Qe5 Nc3 38. Bf3 Kg8 39. Qe8+ Kg7
40. Qe5+ Kg8 41. Qf6 Qc5 42. Bc6 Nb5 43. Qd8+ Kg7 44. Qd7 Nd6 45. e4 Qe5 46. Bd5
Kf8 47. Qd8+ Kg7 48. Qc7 Kf8 49. f4 Qe7 50. Qc3 Kg8 51. Qc5 Kf8 52. Kf3 Kg7 53.
Qc3+ Kg8 54. Qc6 Kg7 55. Qb6 Kf8 56. Qc5 Kg7 57. Qc3+ Kg8 58. Qd4 Kh7 59. Qe5
Qd8 60. f5 gxf5 61. exf5 f6 62. Qe6 Kg7 63. Kg2 Qf8 64. Qd7+ Kh6 65. Kh3 Nc8 66.
Bf7 Ne7 67. Qe6 Qg7 68. Qe3+ Kh7 69. Qxe7 1-0

[Event "TCh-POL Ekstraliga 2018"]
[Site "Poland POL"]
[Date "2018.10.26"]
[Round "7.5"]
[Board "6"]
[White "Zawadzka, Jolanta"]
[Black "Majdan, Joanna"]
[Result "1-0"]
[WhiteTitle "WGM"]
[BlackTitle "WGM"]
[WhiteElo "2434"]
[BlackElo "2371"]
[WhiteTeam "KSz Polonia Wroclaw"]
[BlackTeam "WIEZA PEGOW"]
[WhiteFideId "1122320"]
[BlackFideId "1121979"]
[EventDate "2018.06.08"]

1. e4 c5 2. Nf3 Nc6 3. d4 cxd4 4. Nxd4 Nf6 5. Nc3 d6 6. Bg5 e6 7. Qd2 Be7 8.
O-O-O O-O 9. Nb3 Qb6 10. f3 Rd8 11. Be3 Qc7 12. Nb5 Qb8 13. N5d4 e5 14. Nxc6
bxc6 15. g4 Be6 16. g5 Nh5 17. Na5 Qc7 18. Qc3 c5 19. Bc4 Nf4 20. Bxf4 exf4 21.
h4 Bf8 22. h5 Re8 23. Bd5 Rab8 24. Nc4 Qe7 25. Rhg1 g6 26. h6 Rbd8 27. Bc6 Bd7
28. Bxd7 Rxd7 29. Rd5 f6 30. gxf6 Qe6 31. Rgd1 Rf7 32. Nxd6 Bxd6 33. Rxd6 Qxa2
34. b3 Qa3+ 35. Kb1 Qb4 36. Qxb4 cxb4 37. R1d5 Rc7 38. e5 Rec8 39. e6 1-0

[Event "TCh-POL Ekstraliga 2018"]
[Site "Poland POL"]
[Date "2018.10.27"]
[Round "8.1"]
[Board "1"]
[White "Kempinski, Robert"]
[Black "Bartel, Mateusz"]
[Result "1/2-1/2"]
[WhiteTitle "GM"]
[BlackTitle "GM"]
[WhiteElo "2575"]
[BlackElo "2602"]
[WhiteTeam "KSz Miedz Legnica"]
[BlackTeam "KSz Polonia Wroclaw"]
[WhiteFideId "1105663"]
[BlackFideId "1112635"]
[EventDate "2018.06.08"]

1. d4 Nf6 2. c4 e6 3. Nf3 Bb4+ 4. Nbd2 O-O 5. a3 Be7 6. e4 d6 7. Be2 a5 8. O-O
a4 9. Qc2 Nc6 10. Rd1 e5 11. dxe5 dxe5 12. b4 axb3 13. Nxb3 Qe8 14. Bb2 Be6 15.
Nxe5 Nxe5 16. Bxe5 Qa4 17. Rab1 Nd7 18. Ba1 Qxa3 19. Nd4 Nc5 20. Nxe6 Nxe6 21.
Rxb7 Qxa1 22. Rxa1 Rxa1+ 23. Bf1 Rd8 24. Rb1 Rxb1 25. Qxb1 Bc5 26. Be2 g6 27.
Bg4 Nd4 28. Kf1 h5 29. Bh3 Bb6 30. e5 Kg7 31. Qb2 Ra8 32. g3 Ra5 33. e6 Re5 34.
exf7 Kxf7 35. Qd2 g5 36. Bg2 Ba5 37. Qd1 Re1+ 38. Qxe1 Bxe1 39. Kxe1 Kf6 40. Kd2
Ke5 41. Kd3 c5 42. Be4 h4 43. gxh4 gxh4 44. Ke3 Ne6 45. Bd5 Nf4 46. Bf7 Kf5 47.
Be8 Ng2+ 48. Ke2 Nf4+ 49. Kf3 Nd3 50. Bd7+ Kf6 51. Bb5 Kf5 52. Ke3 Ne5 53. h3
Ng6 54. Bc6 Nf4 55. Kf3 Nh5 56. Bd7+ Ke5 57. Ba4 Kf5 58. Be8 Nf4 59. Bd7+ Ke5
60. Kg4 Nd3 61. f3 Kd4 62. Kxh4 Ne5 63. Be6 Nxf3+ 64. Kg3 Ng5 65. Bd5 Ke5 66. h4
Nh7 67. h5 Nf8 68. Kh4 Kf6 69. Kg4 Nd7 1/2-1/2

[Event "TCh-POL Ekstraliga 2018"]
[Site "Poland POL"]
[Date "2018.10.27"]
[Round "8.1"]
[Board "3"]
[White "Kriebel, Tadeas"]
[Black "Mastrovasilis, Dimitrios"]
[Result "0-1"]
[WhiteTitle "IM"]
[BlackTitle "GM"]
[WhiteElo "2487"]
[BlackElo "2580"]
[WhiteTeam "KSz Miedz Legnica"]
[BlackTeam "KSz Polonia Wroclaw"]
[WhiteFideId "330027"]
[BlackFideId "4202694"]
[EventDate "2018.06.08"]

1. e4 e5 2. Nf3 Nf6 3. Nxe5 d6 4. Nc4 Nxe4 5. Qe2 Qe7 6. Ne3 c6 7. c4 Be6 8. Nc3
Nxc3 9. bxc3 g6 10. Rb1 Bg7 11. g3 O-O 12. Bg2 Na6 13. d4 Rae8 14. O-O Bf5 15.
Rb2 Bc8 16. Qd3 Qd8 17. Bd2 Re7 18. f4 f5 19. h3 Ref7 20. Bc1 Nc7 21. Rbf2 Bh6
22. Ba3 Ne8 23. c5 d5 24. c4 Nf6 25. cxd5 cxd5 26. Qb3 Ne4 27. Rc2 Nxg3 28. Rd1
Ne4 29. c6 bxc6 30. Bxf8 Kxf8 31. Rxc6 Bb7 32. Rc5 Nxc5 33. dxc5 Bxf4 34. Nxd5
Bxd5 35. Rxd5 Qa5 36. Qd1 Re7 37. Rd8+ Kg7 38. Qd4+ Be5 39. Qd5 Qe1+ 40. Bf1
Qe3+ 41. Kh1 Qf2 42. Rg8+ Kh6 43. Qg2 Qf4 44. Rd8 Bd4 45. Be2 Re3 46. c6 Rc3 47.
Bd1 Qh4 48. Qd2+ Be3 0-1

[Event "TCh-POL Ekstraliga 2018"]
[Site "Poland POL"]
[Date "2018.10.27"]
[Round "8.1"]
[Board "4"]
[White "Tazbir, Marcin"]
[Black "Murdzia, Piotr"]
[Result "1-0"]
[WhiteTitle "GM"]
[BlackTitle "IM"]
[WhiteElo "2525"]
[BlackElo "2414"]
[WhiteTeam "KSz Polonia Wroclaw"]
[BlackTeam "KSz Miedz Legnica"]
[WhiteFideId "1122452"]
[BlackFideId "1105671"]
[EventDate "2018.06.08"]

1. e4 e5 2. Nf3 Nc6 3. Bb5 a6 4. Ba4 Nf6 5. O-O Nxe4 6. d4 b5 7. Bb3 d5 8. dxe5
Be6 9. c3 Bc5 10. Nbd2 O-O 11. Qe2 Bf5 12. a4 b4 13. Nxe4 dxe4 14. Ng5 Nxe5 15.
Nxe4 Qd3 16. Qxd3 Nxd3 17. Nxc5 Nxc5 18. Bc4 bxc3 19. bxc3 Bd3 20. Bxd3 Nxd3 21.
Be3 c5 22. Rfb1 f5 23. g3 Rab8 24. a5 f4 25. gxf4 Rxb1+ 26. Rxb1 Rf6 27. c4 Nxf4
28. Rb8+ Kf7 29. Rb7+ Kg8 30. Rd7 g5 31. Rc7 Rd6 32. h4 Ne6 33. Rc8+ Kf7 34.
hxg5 Kg6 35. Kg2 Kf5 36. Bxc5 Rd8 37. Rc6 Nf4+ 38. Kg3 Nd3 39. Be3 Ne5 40. Rf6+
Ke4 41. c5 Rd1 42. c6 Rg1+ 43. Kh3 Nf3 44. Rf4+ Kd5 1-0

[Event "TCh-POL Ekstraliga 2018"]
[Site "Poland POL"]
[Date "2018.10.27"]
[Round "8.1"]
[Board "5"]
[White "Sieciechowicz, Marcin"]
[Black "Wieczorek, Oskar"]
[Result "1-0"]
[WhiteTitle "IM"]
[BlackTitle "IM"]
[WhiteElo "2410"]
[BlackElo "2469"]
[WhiteTeam "KSz Miedz Legnica"]
[BlackTeam "KSz Polonia Wroclaw"]
[WhiteFideId "1130170"]
[BlackFideId "1133950"]
[EventDate "2018.06.08"]

1. d4 Nf6 2. Nf3 g6 3. Bg5 Bg7 4. Nbd2 d5 5. e3 O-O 6. Bd3 Nbd7 7. O-O c5 8. c3
b6 9. a4 Bb7 10. Qb1 h6 11. Bh4 g5 12. Bg3 Nh5 13. a5 Nxg3 14. hxg3 e6 15. b4 c4
16. Bc2 f5 17. a6 Bc8 18. Ba4 Qc7 19. Re1 Rb8 20. Bb5 Rf7 21. Qc2 Nf8 22. Nh2
Bd7 23. Bxd7 Nxd7 24. g4 Nf6 25. gxf5 exf5 26. f3 Re8 27. Nhf1 Nh5 28. Qa4 Qd7
29. Qxd7 Rxd7 30. b5 Rde7 31. Kf2 Re6 32. g3 Nf6 33. Rac1 Bf8 34. e4 fxe4 35.
fxe4 Ba3 36. Rc2 Nxe4+ 37. Nxe4 dxe4 38. Ne3 Rc8 39. Kg2 Bd6 40. Rf2 Kg7 41.
Nf5+ Kg6 42. Nxd6 Rxd6 43. Rxe4 Rd5 44. Re6+ Kh5 45. Rff6 Rxb5 46. Kf3 g4+ 47.
Kf4 Rh8 48. Re5+ Rxe5 49. dxe5 b5 50. e6 b4 51. cxb4 c3 52. Ke5 c2 53. Rf1 Kg6
54. e7 Rc8 55. Kd6 1-0

[Event "TCh-POL Ekstraliga 2018"]
[Site "Poland POL"]
[Date "2018.10.27"]
[Round "8.1"]
[Board "6"]
[White "Zawadzka, Jolanta"]
[Black "Krupa, Monika"]
[Result "1-0"]
[WhiteTitle "WGM"]
[BlackTitle "WGM"]
[WhiteElo "2434"]
[BlackElo "2241"]
[WhiteTeam "KSz Polonia Wroclaw"]
[BlackTeam "KSz Miedz Legnica"]
[WhiteFideId "1122320"]
[BlackFideId "1106660"]
[EventDate "2018.06.08"]

1. e4 c5 2. Nf3 Nc6 3. d4 cxd4 4. Nxd4 Nf6 5. Nc3 e5 6. Ndb5 d6 7. Bg5 a6 8. Na3
b5 9. Bxf6 gxf6 10. Nd5 f5 11. Bd3 Be6 12. O-O Bg7 13. Qh5 Bxd5 14. exd5 Ne7 15.
Bxf5 Nxf5 16. Qxf5 Rc8 17. c3 Rc5 18. Rad1 O-O 19. Nc2 Rc4 20. g3 Qf6 21. Ne3
Rc7 22. h4 Re8 23. Rfe1 a5 24. a3 Rb8 25. Qxf6 Bxf6 26. Nf5 Rd7 27. Re4 h5 28.
f3 Kh7 29. Kg2 Kg6 30. g4 Rh8 31. Rh1 Bd8 32. Kg3 Bb6 33. a4 bxa4 34. Rxa4 Rc8
35. Kh3 Rc5 36. Rd1 Rb5 37. Rd2 Bc5 38. Ng3 Rdb7 39. gxh5+ Kh7 40. Ra2 Be3 41.
Re2 Bc1 42. Ne4 R7b6 43. Kg4 Bxb2 44. Kf5 Bc1 45. Rg2 Rb2 46. Rgxb2 Bxb2 47.
Rxa5 Kg7 48. Ra7 1-0

[Event "TCh-POL Ekstraliga 2018"]
[Site "Poland POL"]
[Date "2018.10.27"]
[Round "8.2"]
[Board "1"]
[White "Duda, Jan-Krzysztof"]
[Black "Moranda, Wojciech"]
[Result "1-0"]
[WhiteTitle "GM"]
[BlackTitle "GM"]
[WhiteElo "2731"]
[BlackElo "2601"]
[WhiteTeam "Wasko HETMAN GKS Katowice"]
[BlackTeam "WIEZA PEGOW"]
[WhiteFideId "1170546"]
[BlackFideId "1122401"]
[EventDate "2018.06.08"]

1. e4 c6 2. Nf3 d5 3. exd5 cxd5 4. Ne5 Nf6 5. d4 g6 6. c3 Bg7 7. Bd3 O-O 8. O-O
Nc6 9. Qe2 Nxe5 10. dxe5 Nd7 11. Bf4 Nc5 12. Rd1 Nxd3 13. Rxd3 Bf5 14. Rd4 e6
15. Nd2 g5 16. Bg3 Rc8 17. Rb4 b6 18. Nf3 a5 19. Rd4 h5 20. h3 Bh6 21. Rad1 Qe7
22. Nd2 Bg6 23. f4 b5 24. a3 b4 25. axb4 axb4 26. fxg5 Bxg5 27. Rxb4 Rb8 28.
Rxb8 Rxb8 29. Nf3 Bh6 30. Bf2 Be4 31. b4 Kh7 32. Ra1 Qf8 33. b5 Qg7 34. b6 Rg8
35. Bd4 Qg3 36. Kf1 Qf4 37. Qf2 Bd3+ 38. Kg1 Be4 39. Ne1 Rb8 40. Ra7 Kg6 41. Rc7
f6 42. b7 1-0

[Event "TCh-POL Ekstraliga 2018"]
[Site "Poland POL"]
[Date "2018.10.27"]
[Round "8.2"]
[Board "2"]
[White "Plat, Vojtech"]
[Black "Navara, David"]
[Result "0-1"]
[WhiteTitle "GM"]
[BlackTitle "GM"]
[WhiteElo "2551"]
[BlackElo "2727"]
[WhiteTeam "WIEZA PEGOW"]
[BlackTeam "Wasko HETMAN GKS Katowice"]
[WhiteFideId "325740"]
[BlackFideId "309095"]
[EventDate "2018.06.08"]

1. d4 Nf6 2. Nf3 e6 3. c4 b6 4. Nc3 Bb4 5. Bd2 Bb7 6. e3 O-O 7. Bd3 d5 8. cxd5
exd5 9. Ne5 Bd6 10. O-O c5 11. f4 Nc6 12. Ne2 Ne4 13. Rf3 Ne7 14. Ng3 f6 15. Ng4
Qd7 16. h3 Kh8 17. Be1 c4 18. Bc2 b5 19. Rc1 b4 20. Rf1 Rac8 21. Bb1 a5 22. Qf3
Rfe8 23. h4 c3 24. bxc3 Ba6 25. c4 Rxc4 26. Rd1 Rcc8 27. Ne5 fxe5 28. dxe5 Nxg3
29. Bxg3 Bxf1 30. f5 Bc4 31. f6 Rf8 32. Bxh7 Kxh7 33. Qh5+ Kg8 34. fxg7 Rf5 35.
Qh8+ Kf7 36. exd6 Ng8 37. Qh7 Be2 38. e4 dxe4 39. Re1 Bh5 40. Rxe4 Bg6 41. Qh8
Rc1+ 42. Kh2 Rff1 43. Bf4 Rh1+ 44. Kg3 Rc3+ 45. Kf2 Rc2+ 0-1

[Event "TCh-POL Ekstraliga 2018"]
[Site "Poland POL"]
[Date "2018.10.27"]
[Round "8.2"]
[Board "3"]
[White "Miton, Kamil"]
[Black "Dziuba, Marcin"]
[Result "1/2-1/2"]
[WhiteTitle "GM"]
[BlackTitle "GM"]
[WhiteElo "2604"]
[BlackElo "2577"]
[WhiteTeam "Wasko HETMAN GKS Katowice"]
[BlackTeam "WIEZA PEGOW"]
[WhiteFideId "1111914"]
[BlackFideId "1112953"]
[EventDate "2018.06.08"]

1. d4 Nf6 2. c4 g6 3. Nc3 Bg7 4. e4 d6 5. Nf3 O-O 6. Be2 e5 7. Be3 exd4 8. Nxd4
Re8 9. f3 c6 10. Bf2 d5 11. exd5 cxd5 12. O-O Nc6 13. c5 a6 14. Qd2 Qa5 15. Rfe1
Qxc5 16. Ne6 Qa5 17. Nxg7 Kxg7 18. a3 d4 19. Bxd4 Nxd4 20. Qxd4 Rd8 21. Qe3 Re8
22. Qd4 Rd8 23. Qe3 Re8 24. Qd4 Rd8 25. Qe3 1/2-1/2

[Event "TCh-POL Ekstraliga 2018"]
[Site "Poland POL"]
[Date "2018.10.27"]
[Round "8.2"]
[Board "4"]
[White "Michalik, Peter"]
[Black "Gajewski, Grzegorz"]
[Result "1/2-1/2"]
[WhiteTitle "GM"]
[BlackTitle "GM"]
[WhiteElo "2552"]
[BlackElo "2607"]
[WhiteTeam "WIEZA PEGOW"]
[BlackTeam "Wasko HETMAN GKS Katowice"]
[WhiteFideId "14907526"]
[BlackFideId "1116207"]
[EventDate "2018.06.08"]

1. d4 Nf6 2. c4 e6 3. g3 d5 4. Bg2 dxc4 5. Nf3 Bb4+ 6. Bd2 a5 7. Qc2 Bxd2+ 8.
Qxd2 c6 9. Ne5 b5 10. Nxc6 Qc7 11. Qg5 Nxc6 12. Qxg7 Ke7 13. Qxh8 Bb7 14. Qg7
Nxd4 15. O-O Bxg2 16. Kxg2 Qc6+ 17. f3 Nf5 18. Qg5 Rg8 19. Qc1 Qc7 20. Qe1 Nd5
21. Rg1 Nde3+ 22. Kh1 Nc2 23. Qc1 Nxa1 24. Nc3 Qe5 25. Qxa1 b4 26. Ne4 Ne3 27.
Qc1 Qd4 28. g4 f5 29. gxf5 Rxg1+ 30. Qxg1 exf5 31. Ng3 f4 32. Nf1 Kf7 33. Nxe3
fxe3 34. Qb1 Kg7 35. Kg2 Qd2 36. Qe4 Qxe2+ 37. Kh3 Qf1+ 38. Kh4 Qf2+ 39. Kh3
Qf1+ 40. Kh4 Qf2+ 41. Kh3 Qxb2 42. Qe7+ Kg6 43. Qe8+ Kf5 44. Qc8+ Kg5 45. Qg8+
Kh6 46. Qe6+ Kg7 47. Qe7+ Kg6 1/2-1/2

[Event "TCh-POL Ekstraliga 2018"]
[Site "Poland POL"]
[Date "2018.10.27"]
[Round "8.2"]
[Board "5"]
[White "Socko, Bartosz"]
[Black "Hnydiuk, Aleksander"]
[Result "1/2-1/2"]
[WhiteTitle "GM"]
[BlackTitle "IM"]
[WhiteElo "2588"]
[BlackElo "2417"]
[WhiteTeam "Wasko HETMAN GKS Katowice"]
[BlackTeam "WIEZA PEGOW"]
[WhiteFideId "1107038"]
[BlackFideId "1109057"]
[EventDate "2018.06.08"]

1. e4 c5 2. Nf3 d6 3. d4 cxd4 4. Nxd4 Nf6 5. Nc3 a6 6. g3 e6 7. Bg2 Be7 8. O-O
O-O 9. Be3 Qc7 10. g4 Nc6 11. g5 Nd7 12. f4 Re8 13. Qh5 g6 14. Qh4 Bf8 15. e5 d5
16. Rf3 Be7 17. Rh3 h5 18. Bf3 Nxd4 19. Bxd4 Bc5 20. Ne2 Kg7 21. Rd1 Bxd4+ 22.
Nxd4 Nc5 23. Qf2 Bd7 24. Bg2 Rac8 25. a3 Na4 26. c3 b5 27. Bf1 Qb7 28. Nb3 Qc7
29. Rd2 Nb6 30. Qd4 Nc4 31. Rf2 a5 32. Nc1 Nb6 33. Nd3 Kg8 34. Be2 Na4 35. Kf1
Nc5 36. Nxc5 Qxc5 37. Rd3 b4 38. axb4 axb4 39. cxb4 Qxd4 40. Rxd4 Rc1+ 41. Kg2
Rb8 42. Kf3 Rc6 43. Ke3 Rcb6 44. Kd2 Ba4 45. b3 Bxb3 46. Kc3 Ba4 47. Bd3 Rc8+
48. Kb2 Rcb8 49. Kc3 Rc8+ 1/2-1/2

[Event "TCh-POL Ekstraliga 2018"]
[Site "Poland POL"]
[Date "2018.10.27"]
[Round "8.2"]
[Board "6"]
[White "Majdan, Joanna"]
[Black "Socko, Monika"]
[Result "1/2-1/2"]
[WhiteTitle "WGM"]
[BlackTitle "GM"]
[WhiteElo "2371"]
[BlackElo "2458"]
[WhiteTeam "WIEZA PEGOW"]
[BlackTeam "Wasko HETMAN GKS Katowice"]
[WhiteFideId "1121979"]
[BlackFideId "1106619"]
[EventDate "2018.06.08"]

1. e4 e6 2. d3 c5 3. g3 Nc6 4. Bg2 g6 5. Nc3 Bg7 6. Be3 Nd4 7. Qd2 Ne7 8. h4
Nec6 9. Nd1 e5 10. c3 Ne6 11. Bh6 d6 12. Bxg7 Nxg7 13. Ne3 Be6 14. Ne2 Qa5 15.
O-O O-O 16. Nd5 Bxd5 17. exd5 Ne7 18. f4 Rad8 19. Rf2 f6 20. a3 Ngf5 21. Raf1 c4
22. dxc4 Qc5 23. Qd3 Rc8 24. h5 Qe3 25. Qe4 Qxe4 26. Bxe4 Ne3 27. Rc1 f5 28. Bb1
Nxc4 29. hxg6 hxg6 30. fxe5 dxe5 31. g4 Nxd5 32. gxf5 Nxb2 33. Ng3 Nc4 34. fxg6
Rxf2 35. Kxf2 Rf8+ 36. Kg1 b5 37. Bf5 Nf4 38. Re1 Kg7 39. Rd1 Nxg6 40. Rd7+ Kf6
41. Rxa7 Nf4 42. Ra6+ Kg5 43. Bd7 Nd2 44. Rd6 Nc4 45. Ra6 Nd2 46. Rd6 Nc4 47.
Ra6 1/2-1/2

[Event "TCh-POL Ekstraliga 2018"]
[Site "Poland POL"]
[Date "2018.10.27"]
[Round "8.3"]
[Board "1"]
[White "Tomczak, Jacek"]
[Black "Piorun, Kacper"]
[Result "1/2-1/2"]
[WhiteTitle "GM"]
[BlackTitle "GM"]
[WhiteElo "2598"]
[BlackElo "2631"]
[WhiteTeam "Akademia Szachowa ChessGrow Gliwice"]
[BlackTeam "KSz Stilon Gorzow Wlkp."]
[WhiteFideId "1124668"]
[BlackFideId "1130420"]
[EventDate "2018.06.08"]

1. e4 e5 2. Nf3 Nc6 3. Bb5 Nf6 4. d3 Bc5 5. Bxc6 dxc6 6. Qe2 Bg4 7. h3 Bxf3 8.
Qxf3 Qd6 9. Nd2 Qe6 10. Nc4 b5 11. Be3 Bb6 12. Nd2 Nd7 13. O-O O-O 14. a4 a6 15.
a5 Bc5 16. Bxc5 Nxc5 17. Qe3 Qd6 18. f4 exf4 19. Rxf4 Ne6 20. e5 Qc5 21. Qxc5
Nxc5 22. Rg4 Ne6 23. Ra3 c5 24. Rc3 h5 25. Rg3 Rfd8 26. Ne4 c4 27. Nf6+ Kf8 28.
Nxh5 Rd4 29. Rg4 Rad8 30. dxc4 b4 1/2-1/2

[Event "TCh-POL Ekstraliga 2018"]
[Site "Poland POL"]
[Date "2018.10.27"]
[Round "8.3"]
[Board "2"]
[White "Krasenkow, Michal"]
[Black "Czarnota, Pawel"]
[Result "1/2-1/2"]
[WhiteTitle "GM"]
[BlackTitle "GM"]
[WhiteElo "2631"]
[BlackElo "2546"]
[WhiteTeam "KSz Stilon Gorzow Wlkp."]
[BlackTeam "Akademia Szachowa ChessGrow Gliwice"]
[WhiteFideId "1113100"]
[BlackFideId "1121219"]
[EventDate "2018.06.08"]

1. d4 Nf6 2. c4 g6 3. Nc3 Bg7 4. e4 d6 5. Nf3 O-O 6. h3 e5 7. d5 a5 8. Bg5 Na6
9. Be2 Nc5 10. Nd2 Bd7 11. O-O h6 12. Be3 Nh7 13. Nb3 Nxb3 14. axb3 f5 15. exf5
gxf5 16. f4 exf4 17. Bxf4 b6 18. Bd3 Ng5 19. Kh1 Qf6 20. Bh2 Rae8 21. Qc2 Qe7
22. Ne2 Qf6 23. Rab1 Ne4 24. Nf4 Qg5 25. Rf3 Kh8 26. Rbf1 Qf6 27. Qd1 Kg8 28.
Nh5 Qxb2 29. Bxe4 Rxe4 30. Nxg7 Kxg7 31. g4 Re2 32. Bg1 Kh7 33. gxf5 Qe5 34. Qd3
Qe4 35. Qxe4 Rxe4 36. f6 Rf7 37. Rg3 Re5 38. Bd4 Rg5 39. Re3 Kg6 40. Rfe1 a4 41.
bxa4 c5 42. Bb2 Bxa4 43. Re7 Rf5 44. h4 Rxe7 45. fxe7 Kf7 46. Re6 Rf2 47. Bh8
Rf4 48. Rxd6 Rxh4+ 49. Kg1 Kxe7 50. Re6+ Kd7 51. Rxb6 Rxc4 52. Rxh6 Rc1+ 53. Kf2 1/2-1/2

[Event "TCh-POL Ekstraliga 2018"]
[Site "Poland POL"]
[Date "2018.10.27"]
[Round "8.3"]
[Board "3"]
[White "Olszewski, Michal"]
[Black "Heberla, Bartlomiej"]
[Result "0-1"]
[WhiteTitle "GM"]
[BlackTitle "GM"]
[WhiteElo "2529"]
[BlackElo "2569"]
[WhiteTeam "Akademia Szachowa ChessGrow Gliwice"]
[BlackTeam "KSz Stilon Gorzow Wlkp."]
[WhiteFideId "1121251"]
[BlackFideId "1115120"]
[EventDate "2018.06.08"]

1. Nf3 g6 2. d4 Nf6 3. c4 Bg7 4. Nc3 O-O 5. e4 d6 6. h3 Na6 7. Be3 e5 8. d5 Nc5
9. Nd2 a5 10. Be2 Bd7 11. g4 c6 12. Qc2 a4 13. Nf1 cxd5 14. exd5 e4 15. Ng3 Nd3+
16. Bxd3 exd3 17. Qxd3 b5 18. cxb5 a3 19. O-O axb2 20. Rab1 Qa5 21. Bd4 Qb4 22.
Rfd1 Rfc8 23. Nge2 h5 24. f3 hxg4 25. hxg4 Ra3 26. Qd2 Nxg4 27. fxg4 Bxd4+ 28.
Qxd4 Rc4 29. Rxb2 Rxd4 30. Rxb4 Rxb4 31. g5 Bxb5 32. Nxb5 Rxb5 33. Rd2 Rb1+ 34.
Kf2 Ra1 35. Rc2 R1xa2 36. Rc8+ Kg7 37. Rd8 Rd2 0-1

[Event "TCh-POL Ekstraliga 2018"]
[Site "Poland POL"]
[Date "2018.10.27"]
[Round "8.3"]
[Board "4"]
[White "Kanarek, Marcel"]
[Black "Warakomski, Tomasz"]
[Result "1-0"]
[WhiteTitle "GM"]
[BlackTitle "GM"]
[WhiteElo "2505"]
[BlackElo "2505"]
[WhiteTeam "KSz Stilon Gorzow Wlkp."]
[BlackTeam "Akademia Szachowa ChessGrow Gliwice"]
[WhiteFideId "1126822"]
[BlackFideId "1124552"]
[EventDate "2018.06.08"]

1. e4 e5 2. Nf3 Nc6 3. Bb5 Nf6 4. d3 d6 5. O-O Bd7 6. c3 g6 7. Nbd2 Bg7 8. Re1
O-O 9. Nf1 Re8 10. Ng3 a6 11. Ba4 b5 12. Bc2 h6 13. h3 d5 14. a4 Be6 15. d4 exd4
16. e5 Nd7 17. cxd4 Nb4 18. Bb1 bxa4 19. h4 Bg4 20. h5 Re6 21. Qxa4 a5 22. Nh2
Nb6 23. Qb3 Qh4 24. hxg6 fxg6 25. Bd2 Bf8 26. Qe3 Nc4 27. Qf4 h5 28. Qg5 Qxg5
29. Bxg5 Nc6 30. f3 Nxd4 31. fxg4 Bc5 32. Kh1 Nb3 33. Ba2 Nxa1 34. Rxa1 Rxe5 35.
Nf3 Re6 36. gxh5 Bf2 37. Kh2 Bxg3+ 38. Kxg3 gxh5 39. Rc1 Re4 40. Bb1 Rg4+ 41.
Kh3 Rb8 42. Bf5 Rxb2 43. g3 Rb4 44. Be6+ Kf8 45. Bxd5 a4 46. Re1 Rb6 47. Be6
Rxg5 48. Nxg5 Nd6 49. Kh4 Kg7 50. Kxh5 Rb5 51. Kg4 Rb4+ 52. Kh5 Ne8 53. g4 a3
54. Kh4 Nd6 55. Ra1 Ra4 56. Bb3 Ra7 57. Ne6+ Kg6 58. Rf1 a2 59. Bc2+ Kh6 60. g5# 1-0

[Event "TCh-POL Ekstraliga 2018"]
[Site "Poland POL"]
[Date "2018.10.27"]
[Round "8.3"]
[Board "5"]
[White "Kantans, Toms"]
[Black "Klim, Kamil"]
[Result "1-0"]
[WhiteTitle "GM"]
[WhiteElo "2526"]
[BlackElo "2365"]
[WhiteTeam "Akademia Szachowa ChessGrow Gliwice"]
[BlackTeam "KSz Stilon Gorzow Wlkp."]
[WhiteFideId "11602945"]
[BlackFideId "1130633"]
[EventDate "2018.06.08"]

1. e4 c5 2. Nf3 Nc6 3. Bb5 g6 4. O-O Bg7 5. Bxc6 bxc6 6. Re1 Nh6 7. c3 f6 8. d4
cxd4 9. cxd4 Nf7 10. Nc3 d6 11. h3 O-O 12. Bf4 Qa5 13. Rc1 Ng5 14. Nxg5 fxg5 15.
Be3 Rb8 16. Qe2 h6 17. b3 Kh7 18. Red1 Bd7 19. f3 Qb4 20. Na4 Qb7 21. Qe1 Qa6
22. Rd2 Rf7 23. Qg3 Rbf8 24. e5 Qa5 25. exd6 exd6 26. Qxd6 Re8 27. Rd3 Re6 28.
Qc5 Qxc5 29. dxc5 Rxe3 30. Rxe3 Bd4 31. Kf2 Re7 32. Rc3 Bc8 33. Rd3 Bxe3+ 34.
Rxe3 Rd7 35. Nc3 Kg7 36. Ne4 Rd5 37. b4 Ba6 38. Ra3 Bd3 39. Rxa7+ Kf8 40. a4 1-0